| 000 | 01516nam a2200253Ia 4500 | ||
|---|---|---|---|
| 999 |
_c50926 _d50926 |
||
| 001 | 17881 | ||
| 003 | GE_BSU | ||
| 005 | 20200227122628.0 | ||
| 008 | 181216s1988 xx |||||||||||||| || || | ||
| 040 | _cGE_BSU | ||
| 041 | _ageo | ||
| 080 | _a821.353.1-13 რ-93 | ||
| 100 |
_aრუსთველი, შოთა _97552 |
||
| 245 |
_aვეფხისტყაოსანი : _bპოემა / _cრუსთველი შოთა ; მთ. რედ : ალექსანდრე ბარამიძე ; გიორგი წერეთელი ; სარგის ცაიშვილი და სხვ. |
||
| 264 |
_aთბილისი : _bმეცნიერება, _c1988. |
||
| 300 |
_a256 გვ. ; _c21 სმ. |
||
| 653 | _aქართული პოემა | ||
| 653 | _aვეფხისტყაოსანი | ||
| 700 |
_aბარამიძე, ალექსანდრე _eმთავარი რედაქტორი _97553 |
||
| 700 |
_aწერეთელი, გიორგი _eმთავარი რედაქტორი _92264 |
||
| 700 |
_aცაიშვილი, სარგის _eმთავარი რედაქტორი _95577 |
||
| 710 |
_aსაქ. სსრ მეცნ. აკად., ქართ. ლიტ-რის ინ-ტი, "ვეფხისტყაოსნის" აკად. ტექსტის დამდგენი კომისია _97554 |
||
| 942 |
_cBK _2udc |
||